Sudden Death - Countries - Statistics

General Stats
  • This quiz has been taken 816 times
  • The average score is 13 of 15
Answers on the Grid
Answers color-coded by a green-red scale on the quiz's grid according to % correct below.
United States
Paris
China
Fiji
Ontario
Ethiopia
Sydney
Missisippi
Belarus
Shanghai
Oceania
Manila
Vanuatu
Algeria
Kinshasa
South Sudan
Busan
Laos
Antarctica
Lagos
Alberta
Moscow
Mexico
Spain
Argentina
Sweden
South Korea
Winnipeg
Hînceşti
Seychelles
 
Answer Stats
Answer % Correct
United States
98%
China
96%
Ethiopia
93%
Belarus
91%
Algeria
90%
Fiji
90%
South Sudan
89%
Mexico
88%
South Korea
88%
Argentina
87%
Spain
87%
Sweden
87%
Laos
85%
Seychelles
81%
Vanuatu
80%
No matching quizzes found
Score Distribution
Percent of People with Each Score
Percentile by Number Answered
Your Score History
You have not taken this quiz